| 000 | 00353nam a22001457a 4500 | ||
|---|---|---|---|
| 003 | macl | ||
| 005 | 20180426152208.0 | ||
| 008 | Macl | ||
| 040 | _cmacl | ||
| 100 |
_aArun Sharma _972346 |
||
| 245 | _aQuantitative Aptitude useful for all competitive examinations | ||
| 260 |
_aChennai _bMc graw hill edu. _c2017 |
||
| 650 |
_aMath _932113 |
||
| 942 |
_2ddc _cBK |
||
| 999 |
_c57939 _d57939 |
||